00418nam a22001457a 4500008004100000020001500041050002500056100001600081245005100097260002100148300001400169650002100183650003200204650003600236210621b xxu||||| |||| 00| 0 eng d a0470065747 aK1089b.C69 2014 c.1 aCox, Dennis aHandbook of anti-money laundering cDennis Cox aU KbWileyc2014 avi, 745p. aMoney Laundering aMoneyvlaw and legislation  aMoney laundering investigation